Statistiche per Vincitori Canadian Open - Singolare maschile

Clicka qui per fare il quiz!

Statistiche generali

  • Questo quiz è stato fatto 3 volte
  • Il punteggio medio è 23 su 34

Statistiche sulle risposte

EdizioneNazioneTennista vincitore% Corretto
2017GermaniaAlexander Zverev
100%
1992Stati UnitiAndre Agassi
100%
1994Stati UnitiAndre Agassi
100%
1995Stati UnitiAndre Agassi
100%
2009Regno UnitoAndy Murray
100%
2010Regno UnitoAndy Murray
100%
2015Regno UnitoAndy Murray
100%
2021RussiaDaniil Medvedev
100%
2016SerbiaNovak Djokovic
100%
2012SerbiaNovak Djokovic
100%
2011SerbiaNovak Djokovic
100%
2007SerbiaNovak Djokovic
100%
2018SpagnaRafael Nadal
100%
2019SpagnaRafael Nadal
100%
2013SpagnaRafael Nadal
100%
2005SpagnaRafael Nadal
100%
2008SpagnaRafael Nadal
100%
2004SvizzeraRoger Federer
100%
2006SvizzeraRoger Federer
100%
2003Stati UnitiAndy Roddick
67%
2023ItaliaJannik Sinner
67%
2014FranciaJo-Wilfried Tsonga
67%
2000RussiaMarat Safin
67%
1990Stati UnitiMichael Chang
33%
2022SpagnaPablo Carreño Busta
33%
1998AustraliaPatrick Rafter
33%
1991Unione SovieticaAndrei Chesnokov
0%
2001RomaniaAndrei Pavel
0%
1997Stati UnitiChris Woodruff
0%
2002ArgentinaGuillermo Cañas
0%
1993SveziaMikael Pernfors
0%
2020Non disputato
0%
1999SveziaThomas Johansson
0%
1996SudafricaWayne Ferreira
0%

Distribuzione punteggi

Percentile per numero di risposta

Percentuale di utenti per punteggio

I tuoi punteggi nel tempo

Non hai fatto questo quiz